Halloween Scramble - Statistics

General Stats
  • This quiz has been taken 31,750 times
    31,517 since last reset
  • The average score is 13 of 21
Answer Stats
Hint Answer % Correct
ETELSKON Skeleton
97%
ADDE Dead
95%
CIWTH Witch
95%
OSGTH Ghost
91%
MIPPKNU Pumpkin
85%
RSACY Scary
81%
CRKTI Trick
79%
IEEER Eerie
76%
ETTAR Treat
74%
PPEAL Apple
71%
ARPEMVI Vampire
65%
FFNIOC Coffin
64%
LWWEERFO Werewolf
57%
SMUTEOC Costume
53%
BILGNO Goblin
53%
BBOECW Cobweb
51%
PRISDE Spider
46%
RENOAG Orange
33%
BTOOCRE October
25%
BOOTMENTS Tombstone
19%
GRAVEYARD
15%
No matching quizzes found
Score Distribution
Percent of People with Each Score
Percentile by Number Answered
Your Score History
You have not taken this quiz since the last reset